| 000 | 01102nam a22003497a 4500 | ||
|---|---|---|---|
| 001 | 0074 | ||
| 003 | DO-SdBNP | ||
| 005 | 20180205145313.0 | ||
| 007 | 0074 | ||
| 008 | 151104b sp 1991 ||||| |||| 00| 0 spa d | ||
| 020 | _a9788420742953 | ||
| 040 |
_aBPMSU _bspa _cBPMSU |
||
| 041 | 1 | 7 |
_aspa _heng |
| 100 | 1 | _4May, Karl | |
| 245 | 1 | 3 |
_aEl tesoro del lago de la plata / _cKarl May ; traducción María Dolores Avalos , María Luisa Delgado ; ilustración José María Ponde. |
| 246 | 1 | 0 | _aDer Schatz im silbersee |
| 260 |
_aMadrid, España : _bAnaya, _c1991. |
||
| 300 |
_a383 p. : _bil., _c20 cm. |
||
| 490 | 1 | 0 | _aTus libros |
| 490 | 1 | 0 |
_aAventuras _v111 |
| 500 | _aIncluye referencias bibliográficas y notas al pie de las páginas. | ||
| 501 | _aInventariado, 2018 /LP | ||
| 504 | _aBibliografias : p. 377-383 | ||
| 700 | 1 | 0 |
_aAvalos, María Dolores, _etr. |
| 700 | 1 | 0 |
_aDelgado, María Luisa, _etr. |
| 700 | 1 | 0 |
_aPonce, José María, _eil. |
| 830 | 0 | _aTus libros | |
| 830 | 0 |
_aAventuras _n111 |
|
| 942 |
_2ddc _cBK |
||
| 945 | _aInventariado, 2018 /LP | ||
| 956 |
_aBrenda Tavárez _b10 |
||
| 999 |
_c8549 _d8549 |
||